| 000 | 01038nam a22001577a 4500 | ||
|---|---|---|---|
| 999 |
_c517707 _d517707 |
||
| 008 | 210724b ||||| |||| 00| 0 eng d | ||
| 100 |
_aMallinson, Daniel J. _927974 |
||
| 245 | _aCooperation and conflict in state and local innovation during covid-19 | ||
| 260 | _aAmerican Review of Public Administration | ||
| 300 | _a50(6-7), Aug-Oct, 2020: p.543-550 | ||
| 520 | _aThis essay discusses how scholarship on state politics and policy, intergovernmental relations, and federalism provides necessary context for understanding governmental responses to COVID-19. It also highlights how observing those responses can further push the bounds of existing scholarship and theory regarding policy innovation and cooperative and conflictual federalism. It argues that there is a space for mutual learning and sharing between scholars and practitioners. - Reproduced | ||
| 650 |
_aFederalism, Coronavirus, Preemption, Policy diffusion _925687 |
||
| 773 | _aAmerican Review of Public Administration | ||
| 906 | _aFEDERALISM | ||
| 942 | _cAR | ||